| 000 | 00441nam a2200181Ia 4500 | ||
|---|---|---|---|
| 001 | 8855 | ||
| 005 | 20260306160640.0 | ||
| 008 | 260306t2001||||xx |||||||||||||| ||spa|| | ||
| 041 | _aESP | ||
| 082 |
_a371.46 _bS21 |
||
| 100 |
_aSanz Oro, Rafael _eAUT |
||
| 245 | 0 | _aOrientación psicopedagógica y calidad educativa | |
| 260 | _c2001 | ||
| 300 |
_a279 páginas : _c24 cm. |
||
| 650 | _aGEN | ||
| 654 | _aCED | ||
| 942 |
_cLIB _dJUS _fJUS _2ddc _n |
||
| 999 |
_c8855 _d8855 |
||